| 000 | 01093nam0a22002651 4500 | ||
|---|---|---|---|
| 001 | rc\722403 | ||
| 005 | 20250621230030.0 | ||
| 010 |
_a5-7890-0027-4 _9200 |
||
| 035 | _a(NLR Aleph) 005965676 | ||
| 090 |
_a6891880 _c6891880 |
||
| 100 | _a20031121d1996 |||y0rusy50 ca | ||
| 101 | 0 | _arus | |
| 102 | _aRU | ||
| 105 | _aa ||||||||| | ||
| 200 | 1 |
_aТермодинамика и методы исследования основных металлургических реакций _eУчеб. пособие _fБ.Т. Никифоров, С.Д. Колотиенко _gМ-во общ. и проф. образования Рос. Федерации, Дон. гос. техн. ун-т |
|
| 210 |
_aРостов н/Д _cИзд. центр ДГТУ _d1996 |
||
| 215 |
_a136 с. _cил. _d20 |
||
| 320 | _aБиблиогр.: с. 107 | ||
| 700 | 1 |
_aНикифоров _bБ.Т. _gБорис Тимофеевич |
|
| 701 | 1 |
_aКолотиенко _bС.Д. _gСергей Дмитриевич |
|
| 801 | 0 |
_aRU _bNLR _gpsbo |
|
| 801 | 1 |
_aRU _bELAR _2rusmarc |
|
| 852 |
_aNLR _j98-3/6151 |
||
| 942 | _cBOOK | ||
| 980 | _aNB | ||